Problemas de las áreas metropolitanas /
Guardado en:
| Autor Corporativo: | |
|---|---|
| Formato: | Libro |
| Idioma: | Spanish |
| Publicado: |
Madrid :
Instituto de Estudios de Administración Local,
1969.
|
| Edición: | 2. ed. |
| Etiquetas: |
Agregar Etiqueta
Sin Etiquetas, Sea el primero en etiquetar este registro!
|
| LEADER | 00550nam a22001575a 4500 | ||
|---|---|---|---|
| 001 | EUN.um040433 | ||
| 003 | AR-BaUNS | ||
| 005 | 20050623122911.0 | ||
| 008 | 041125s1969####sp############000#0#spa#d | ||
| 245 | 1 | 0 | |a Problemas de las áreas metropolitanas / |c Instituto de Estudios de Administración Local. |
| 260 | |a Madrid : |b Instituto de Estudios de Administración Local, |c 1969. | ||
| 300 | |a 871 p. | ||
| 082 | 0 | 4 | |a 711 |
| 250 | |a 2. ed. | ||
| 110 | 2 | |a Instituto de Estudios de Administración Local |c Madrid. | |
| 859 | |a Ar-BaUNS |b BIB. CENTRAL - Sector C |h 711 |i In2 |p 64558/972 | ||
